Countries Closest to Afro-Eurasia - Statistics

General Stats
  • This quiz has been taken 25,360 times
    18,580 since last reset
  • The average score is 17 of 20
Answer Stats
km country miles % Correct
50 Japan 31
90%
69 Cyprus 43
89%
244 Malta 151
89%
33 United Kingdom 21
88%
29 Indonesia 18
87%
412 Ireland 256
87%
416 Madagascar 258
87%
47 Sri Lanka 29
87%
4 Taiwan 3
86%
973 Iceland 604
85%
618 Philippines 384
84%
572 Cape Verde 355
83%
628 Seychelles 390
83%
0.5 Singapore 0.3
83%
424 Maldives 263
82%
44 United States 28
82%
296 Comoros 184
80%
238 São Tomé and Príncipe 148
79%
937 Brunei 582
74%
1 Bahrain 1
70%
No matching quizzes found
Score Distribution
Percent of People with Each Score
Percentile by Number Answered
Your Score History
You have not taken this quiz since the last reset